000 00654nam a2200193 4500
001 137313
003 ES-MaACL
005 20230906195341.0
007 t|
008 070214s1944 sp r ||||1| spa d
100 1 _aSan Cristóbal, Alberto.
_9102231
245 1 0 _aArlotadas
_b: (cuentos y sucedidos vascos) /
_cAlberto San Cristóbal ; con la colaboración de Jesús Ibáñez ; dibujos de Joaquín Guerricagoitia.
250 _a4ª. ed.
260 _aLogroño :
_bOchoa,
_c1944.
300 _a302 p. :
_bil. ;
_c25 cm.
700 1 _aIbáñez, Jesús.
_964906
700 1 _aGuerricagoitia, Joaquín.
_960591
852 _aES-MaACL
_jC-18339
_bR.46690
999 _c137313
_d137313